000 01217cam a2200325 a 4500
001 1125836
003 NUST-PNEC
005 20170116180733.0
008 940728s1995 nyua b 001 0 eng
010 _a 94033105
020 _a0471009555
020 _a978-0471009559
040 _aDLC
_cPNEC
_dDLC
050 0 0 _aQA76.73.C153
_bF518 1995
082 0 0 _a005.133 FLA
_220
100 1 _aFlamig, Bryan.
245 1 0 _aPractical algorithms in C++ /
_cBryan Flamig.
260 _aNew York :
_bWiley,
_cc1995.
300 _axvii, 445 p. :
_bill. ;
_c24 cm.
500 _aIncludes Index
504 _aIncludes bibliographical references (p. 433-435) and index.
650 0 0 _aC++ (Computer program language)
650 0 0 _aComputer algorithms.
_xComputer, MIS
856 4 2 _uhttp://www.amazon.com/Practical-Algorithms-Coriolis-Group-Book/dp/0471009555/ref=sr_1_1?s=books&ie=UTF8&qid=1416464000&sr=1-1&keywords=0471009555
856 4 _3Table of Contents
856 4 2 _3Contributor biographical information
906 _a7
_bcbc
_corignew
_d1
_eocip
_f19
_gy-gencatlg
942 _2ddc
_cBK
999 _c61871
_d61871